Concise: International And European IP Law TRIPS Paris Convention European Enforcement And Transfer Of Technology (Record no. 43545)

MARC details
000 -LEADER
fixed length control field 00628nam a22001817a 4500
005 - DATE AND TIME OF LATEST TRANSACTION
control field 20250404102915.0
008 - FIXED-LENGTH DATA ELEMENTS--GENERAL INFORMATION
fixed length control field 250404b |||||||| |||| 00| 0 eng d
020 ## - INTERNATIONAL STANDARD BOOK NUMBER
International Standard Book Number 9788184731002
041 ## - LANGUAGE CODE
Language code of text/sound track or separate title eng
082 ## - DEWEY DECIMAL CLASSIFICATION NUMBER
Classification number 346.048 COT
100 ## - MAIN ENTRY--PERSONAL NAME
Author Cottier, Thomas
245 ## - TITLE STATEMENT
Title Concise: International And European IP Law TRIPS Paris Convention European Enforcement And Transfer Of Technology
260 ## - PUBLICATION, DISTRIBUTION, ETC.
Place New Delhi
Publisher Kulwer Academic Publisher
Publication Year 2008
300 ## - PHYSICAL DESCRIPTION
Extent 579;. pages: 18 cm
650 ## - SUBJECT ADDED ENTRY--TOPICAL TERM
Subject Intellectual Property-European Union Countries; Intellectual Property (International law)
700 ## - ADDED ENTRY--PERSONAL NAME
Co-Author Veron, Pierre
942 ## - ADDED ENTRY ELEMENTS (KOHA)
Koha item type Books
Holdings
Withdrawn status Lost status Source of classification or shelving scheme Damaged status Not for loan Home library Current library Shelving location Accession Date Vendor Price Bill number Total Checkouts Full call number Barcode No Date last seen Discount Bill Date Koha item type Suggested By
    Dewey Decimal Classification     IMTN IMTN Rack 13-B 03/26/2025 Raghav Books Private Limited 950.00 2374   346.048 CAT 33823 04/04/2025 30 02/14/2025 Books Dr. Mantha Raghu (Head Librarian)
Designed & Maintained by: LRC IMT Nagpur Contact: lrc@imtnag.ac.in© 2024. All Rights Reserved.